000 00215 a2200097 4500
001 15179
100 _aRobinson E.N.G
245 _aMonoply
260 _aLondon
_bHutchinson university lib
_c
090 _c11920
_d11920
942 _aNUST-CAE
_cM
_c2137
999 _c250252
_d250252